| 000 | 00355 a2200169 4500 | ||
|---|---|---|---|
| 001 | 172903 | ||
| 020 | _a85-16-01917-9 | ||
| 040 | _cMagnum | ||
| 100 | _aHutchins, Pat | ||
| 240 | 1 | 0 |
_aTocaram a campainha _lpor |
| 245 | 1 | 0 | _aTocaram a campainha |
| 300 | _a24 | ||
| 362 | 0 | _a1998 | |
| 440 | 1 | _aModerna | |
| 697 | _aLITERATURA INFANTIL | ||
| 942 | _cBK | ||
| 999 |
_c172903 _d172903 |
||